Statistics for U.S. Directors of National Intelligence by Picture

Click here to take the quiz!

General Stats

  • This quiz has been taken 2 times
  • The average score is 3 of 8

Answer Stats

Answer% Correct
James R. Clapper
100%
Dan Coats
100%
Joseph Maguire
50%
Richard Grenell
50%
John Negroponte
0%
Mike McConnell
0%
Dennis C. Blair
0%
David Gompert
0%

Score Distribution

Percentile by Number Answered

Percent of People with Each Score

Your Score History

You have not taken this quiz